LEADER 00967nam0-22003131i-450- 001 990001793430403321 005 20130405191235.0 010 $a88-7019-939-8 035 $a000179343 035 $aFED01000179343 035 $a(Aleph)000179343FED01 035 $a000179343 100 $a20030910d1995----km-y0itay50------ba 101 0 $aita 102 $aIT 200 1 $aColeoptera Polyphaga XII (Heteromera escl. Lagriidae, Alleculidae, Tenebrionidae)$fFernando Angelini ... [et al.] 210 $aBologna$cCalderini$d1995 215 $a30 p.$d24 cm 225 1 $aChecklist delle specie della fauna italiana$v57 610 0 $aColeoptera 676 $a595.76 702 1$aAngelini,$bFernando 801 0$aIT$bUNINA$gRICA$2UNIMARC 901 $aBK 912 $a990001793430403321 952 $a60 591 B 71/57$b5550$fFAGBC 959 $aFAGBC 996 $aColeoptera Polyphaga XII (Heteromera escl. Lagriidae, Alleculidae, Tenebrionidae$9408397 997 $aUNINA LEADER 02063nas 2200589-a 450 001 9910141757103321 005 20230330112204.0 035 $a(CKB)960239034714 035 $a(CONSER)---59052082- 035 $a(EXLCZ)99960239034714 100 $a20751101a19579999 --- b 101 0 $aspa 181 $ctxt$2rdacontent 182 $cc$2rdamedia 183 $acr$2rdacarrier 200 10$aRevista de ciencias sociales$b[electronic resource] 210 $a[Río Piedras, P.R.] $c[Centro de Investigaciones Sociales, Facultad de Ciencias Sociales de la Universidad de Puerto Rico] 215 $a1 online resource 300 $aRefereed/Peer-reviewed 311 08$aPrint version: Revista de ciencias sociales (Rio Piedras, P.R.) 0034-7817 (DLC) 59052082 (OCoLC)1763885 531 0 $aRev. cienc. soc. 606 $aSocial sciences$vPeriodicals 606 $aSocial conditions$2fast$3(OCoLC)fst01919811 606 $aSocial sciences$2fast$3(OCoLC)fst01122877 606 $aCIENCIAS SOCIALES$xPUBLICACIONES PERIODICAS$2renib 606 $aPuerto Rico$2stw 606 $aSozialwissenschaft$2stw 606 $aSoziologie$2stw 606 $aWirtschaftswissenschaft$2stw 606 $aSociology$xPeriodicals$2ltcsh 606 $aSocial Sciences 607 $aPuerto Rico$xSocial conditions$vPeriodicals 607 $aPuerto Rico$2fast 608 $aPeriodicals.$2fast 608 $aPeriodical. 615 0$aSocial sciences 615 7$aSocial conditions. 615 7$aSocial sciences. 615 7$aCIENCIAS SOCIALES$xPUBLICACIONES PERIODICAS. 615 7$aPuerto Rico. 615 7$aSozialwissenschaft. 615 7$aSoziologie. 615 7$aWirtschaftswissenschaft. 615 7$aSociology$xPeriodicals. 615 2$aSocial Sciences. 676 $a305 712 02$aUniversity of Puerto Rico (Río Piedras Campus).$bSocial Science Research Center. 906 $aJOURNAL 912 $a9910141757103321 920 $aexl_impl conversion 996 $aRevista de ciencias sociales$91983384 997 $aUNINA